| 000 | 00937cam a22002655a 4500 | ||
|---|---|---|---|
| 001 | 18180008 | ||
| 005 | 20161221145237.0 | ||
| 008 | 140606t2014 caua frb 001 0 eng d | ||
| 020 | _a9780123846822 | ||
| 040 |
_aDLC _beng _cDLC _dDLC _dEG-ScBUE |
||
| 082 | 0 | 4 |
_222 _a332.632 _bINT |
| 245 | 0 | 3 |
_aAn introduction to the mathematics of financial derivatives / _cedited by Ali Hirsa, Salih N. Neftci. |
| 250 | _a3rd ed. | ||
| 260 |
_aSan Diego : _bAcademic Press / Elsevier, _cc.2014. |
||
| 300 |
_aix, 444 p. : _bill. ; _c25 cm. |
||
| 500 | _aPrevious edition published: An introduction to the mathematics of financial derivatives / Salih N. Neftci. | ||
| 500 | _aIndex : p. 439-444. | ||
| 504 | _aBibliography : p. 437-438. | ||
| 650 | 7 |
_aDerivative securities _xMathematics. _2BUEsh |
|
| 651 | _2BUEsh | ||
| 653 |
_bBUSADM _cDecember2016 |
||
| 700 | 1 |
_aNeftci, Salih N., _eeditor. |
|
| 700 | 1 |
_aHirsa, Ali, _eeditor. |
|
| 942 | _2ddc | ||
| 999 |
_c23676 _d23648 |
||